header

Managing frontiers in competitive intelligence (Record no. 658)

MARC details
000 -LEADER
fixed length control field 01314nam a22003254a 4500
082 04 - DEWEY DECIMAL CLASSIFICATION NUMBER
Classification number 658.4/7
245 00 - TITLE STATEMENT
Title Managing frontiers in competitive intelligence
260 ## - PUBLICATION, DISTRIBUTION, ETC. (IMPRINT)
Place of publication Westport, Conn. :
Name of publisher Quorum Books,
Year of publication 2001.
300 ## - PHYSICAL DESCRIPTION
Number of Pages xi, 313 p. :
Other physical details ill.
500 ## - GENERAL NOTE
General note A collection of 24 papers by the editors and other researchers.
650 #0 - SUBJECT ADDED ENTRY--TOPICAL TERM
Topical Term Business intelligence
Topical Term Competition.
700 1# - ADDED ENTRY--PERSONAL NAME
Personal name Fleisher, Craig S.
Personal name Blenkhorn, David L.
856 40 - ELECTRONIC LOCATION AND ACCESS
Uniform Resource Identifier http://site.ebrary.com/lib/rucke/Doc?id=5003893

No items available.

© 2026 Rongo University
Contact us: librarian | system librarian | Rongo university